00480nam a2200193 a 4500001001300000003000900013005001700022008004100039020001000080082001500090100002100105245002600126260003000152300000900182500003500191505001000226650002900236700002100265nice12345678IN_TiNIC20260116012414.0050524s1961 lona grp 000 0 eng  ac10000a232.1bGRA aGraham, Jonathan aHe Came Unto His Own. aLondonbFaith Pressc1961 a107p aincludes index and biblioraphy2 aIndex aJesus Christ-Messiahship1 aGraham, Jonathan